| 000 | 00599nam a2200181Ia 4500 | ||
|---|---|---|---|
| 008 | 100917s9999 xx 000 0 und d | ||
| 082 | _b23992 | ||
| 100 | _aभोसेकर मुरलीधर | ||
| 245 | _aवात्सल्य तुझे स्वरूप | ||
| 260 |
_bरसिक प्रकाशन _c1974 |
||
| 300 | _a77 | ||
| 365 | _b6 | ||
| 520 | _aकादंबरी | ||
| 630 | _aवात्सल्य तुझे स्वरूप | ||
| 650 | _aकादंबरी | ||
| 730 | _aवात्सल्य तुझे स्वरूप | ||
| 942 | _cBOOK | ||
| 999 |
_c629386 _d629383 |
||